[Event "DFEM 2003"]
[Site "Altenkirchen"]
[Date "2003.07.25"]
[Round "1"]
[White "Eckhardt, Claudia"]
[Black "Specht, Maria"]
[Result "1-0"]
[WhiteElo "2186"]
[BlackElo "2009"]
[PlyCount "37"]

1. d4 d5 2. Nf3 Nf6 3. g3 e6 4. Bg2 c5 5. O-O Nc6 6. c4 b6 7. Nc3 Bb7 8. cxd5
exd5 9. Bg5 Nxd4 10. Nxd4 cxd4 11. Bxf6 Qxf6 12. Nxd5 Bxd5 13. Bxd5 Rd8 14.
Qa4+ Ke7 15. Rac1 Rxd5 16. Rc7+ Kd8 17. Qxa7 Ke8 18. Qa8+ Rd8 19. Qa4+ 1-0

[Event "DFEM 2003"]
[Site "Altenkirchen"]
[Date "2003.07.25"]
[Round "1"]
[White "Vogel, Heike"]
[Black "Lorenz, Oda"]
[Result "1/2-1/2"]
[WhiteElo "2162"]
[BlackElo "1962"]
[PlyCount "60"]

1. d4 Nf6 2. Bg5 h6 3. Bf4 g6 4. Nc3 Bg7 5. e4 d6 6. Bc4 O-O 7. Qd2 Kh7 8. h4
Nh5 9. Nf3 Be6 10. d5 Bd7 11. Be2 Rh8 12. Be3 Na6 13. g4 Bxg4 14. Ng5+ hxg5 15.
Bxg4 Kg8 16. hxg5 Nc5 17. Qe2 c6 18. Bxh5 Rxh5 19. Rxh5 gxh5 20. Qxh5 Qa5 21.
Bd2 Qb4 22. O-O-O Nxe4 23. a3 Qc4 24. g6 fxg6 25. Qxg6 Nxd2 26. Rxd2 Qf4 27.
Ne4 cxd5 28. Qe6+ Qf7 29. Qxf7+ Kxf7 30. Rxd5 Ke6 1/2-1/2

[Event "DFEM 2003"]
[Site "Altenkirchen"]
[Date "2003.07.25"]
[Round "1"]
[White "Thiery, Jennifer"]
[Black "Skibbe, Diana"]
[Result "0-1"]
[WhiteElo "1688"]
[BlackElo "2105"]
[PlyCount "62"]

1. e4 e5 2. Nf3 Nc6 3. Bc4 Nf6 4. Ng5 d5 5. exd5 Na5 6. Bb5+ c6 7. dxc6 bxc6 8.
Be2 h6 9. Nf3 e4 10. Ne5 Bd6 11. Ng4 Bxg4 12. Bxg4 O-O 13. O-O Nc4 14. Nc3 Ne5
15. Be2 Qc7 16. h3 Rad8 17. b3 Rfe8 18. Bb2 Ng6 19. Kh1 Nf4 20. Bc4 Qd7 21. Ne2
Nxh3 22. Bxf6 gxf6 23. Ng3 Nf4 24. Re1 f5 25. Nh5 Qe7 26. g3 Ng6 27. Qe2 Ne5
28. Qe3 Ng4 29. Qe2 Qg5 30. Kg2 Qxh5 31. Rh1 Qg6 0-1

[Event "DEM 2003"]
[Site "Altenkirchen"]
[Date "2003.07.25"]
[Round "1"]
[White "von Herman, Brigitte"]
[Black "Meier, Annemarie Sylvia"]
[Result "0-1"]
[WhiteElo "2054"]
[BlackElo "2267"]
[PlyCount "42"]
[EventDate "2003.07.??"]

1. e4 e5 2. Nf3 Nc6 3. Bc4 Nf6 4. d3 Bc5 5. O-O d6 6. c3 Qe7 7. Nbd2 a6 8. Qe2
Ba7 9. b4 Nh5 10. Nb3 Bg4 11. b5 axb5 12. Bxb5 O-O 13. Bc4 Kh8 14. Kh1 f5 15.
Bd5 Nd8 16. exf5 c6 17. h3 Bxh3 18. Nxe5 Qh4 19. Nf3 Bg4+ 20. Nxh4 Bxe2 21. Re1
Bxf2 0-1

[Event "DFEM 2003"]
[Site "Altenkirchen"]
[Date "2003.07.25"]
[Round "1"]
[White "Fuchs, Antje"]
[Black "Fried, Annika"]
[Result "1-0"]
[WhiteElo "2103"]
[BlackElo "1686"]
[PlyCount "65"]

1. e4 c5 2. Nf3 a6 3. c4 Nc6 4. d4 cxd4 5. Nxd4 g6 6. Nc3 Bg7 7. Be3 Nf6 8. Be2
O-O 9. O-O Qc7 10. Rc1 d6 11. Nd5 Qd8 12. f3 Ne8 13. b4 e6 14. Nxc6 bxc6 15.
Nb6 Rb8 16. c5 d5 17. Qa4 d4 18. Rfd1 Qc7 19. Bxd4 Bxd4+ 20. Rxd4 Qf4 21. Qd1
Nf6 22. Rc3 Bb7 23. g3 Qc7 24. Bc4 Bc8 25. Rcd3 Rxb6 26. cxb6 Qxb6 27. Kh1 a5
28. Rd8 Ba6 29. bxa5 Qa7 30. Rxf8+ Kxf8 31. Rd8+ Kg7 32. Qd4 c5 33. Qd6 1-0

[Event "DFEM 2003"]
[Site "Altenkirchen"]
[Date "2003.07.25"]
[Round "1"]
[White "Dietzen, Corinna"]
[Black "Hund, Isabel"]
[Result "0-1"]
[WhiteElo "1643"]
[BlackElo "2091"]
[PlyCount "76"]

1. c4 c5 2. Nc3 Nf6 3. g3 d5 4. cxd5 Nxd5 5. Bg2 Nc7 6. d3 e5 7. Nf3 Nc6 8. b3
Be7 9. Bb2 O-O 10. O-O f6 11. Rc1 Bd7 12. Nd2 Rc8 13. Nce4 b6 14. Nc4 Be8 15.
Nc3 Nd4 16. Ne3 Bc6 17. Nf5 Bxg2 18. Nxe7+ Qxe7 19. Kxg2 Nce6 20. f4 exf4 21.
gxf4 Nf5 22. Nd5 Qb7 23. e4 Nc7 24. Qd2 Nxd5 25. exd5 Qxd5+ 26. Kg1 Rcd8 27.
Rcd1 Rfe8 28. Rfe1 Rxe1+ 29. Qxe1 Kf7 30. Qe2 Nd4 31. Bxd4 Qxd4+ 32. Qf2 Re8
33. Kg2 Re3 34. Qf1 Qd5+ 35. Kg1 Rf3 36. Qg2 Qd4+ 37. Kh1 Qxf4 38. Rg1 38... g6
{Zeitueberschreitung} 0-1

[Event "DFEM 2003"]
[Site "Altenkirchen"]
[Date "2003.07.25"]
[Round "1"]
[White "Berglitz, Regina"]
[Black "Wraga, Teresa"]
[Result "1-0"]
[WhiteElo "2076"]
[BlackElo "1563"]
[PlyCount "89"]

1. e4 d6 2. d4 Nf6 3. Nc3 g6 4. f4 Bg7 5. Nf3 c5 6. dxc5 Qa5 7. Bd3 Qxc5 8. Qe2
O-O 9. Be3 Qb4 10. O-O Nc6 11. Kh1 Bg4 12. Qe1 Qa5 13. a3 Qd8 14. Rd1 Nd7 15.
h3 Bxf3 16. Rxf3 Nd4 17. Rf1 e6 18. Qf2 Nc6 19. Nb5 d5 20. c4 a6 21. exd5 exd5
22. cxd5 axb5 23. dxc6 bxc6 24. Be4 Qc7 25. Rc1 Ra6 26. Rc2 Rc8 27. Rfc1 Qd6
28. Qf3 Nb8 29. Rd1 Qc7 30. Rcd2 Bf8 31. f5 b4 32. Bf4 Qb6 33. fxg6 hxg6 34.
Be3 Qc7 35. Bf4 Qb6 36. axb4 Qxb4 37. Rd8 Rxd8 38. Rxd8 Ra1+ 39. Kh2 Qb6 40.
Rxb8 Qg1+ 41. Kg3 Qe1+ 42. Kg4 f5+ 43. Bxf5 gxf5+ 44. Kh5 Qe7 45. Qg3+ 1-0

[Event "DFEM 2003"]
[Site "Altenkirchen"]
[Date "2003.07.25"]
[Round "1"]
[White "Liebs, Hannelore"]
[Black "Storkebaum, Ulricke"]
[Result "1-0"]
[WhiteElo "2109"]
[BlackElo "1747"]
[PlyCount "89"]

1. d4 Nf6 2. c4 g6 3. Nc3 Bg7 4. e4 d6 5. f3 O-O 6. Be3 Nc6 7. Qd2 a6 8. O-O-O
Rb8 9. g4 e5 10. Nge2 exd4 11. Nxd4 Ne5 12. Be2 Be6 13. Nxe6 fxe6 14. g5 Nfd7
15. f4 Nc6 16. h4 Qe7 17. h5 Rf7 18. hxg6 hxg6 19. Bg4 Nf8 20. Rh4 b5 21. Rdh1
Qd7 22. Qh2 Re7 23. Nd5 Qd8 24. Nf6+ Kf7 25. Be2 Qc8 26. c5 b4 27. Bd3 Qd8 28.
Bb1 b3 29. a3 Na5 30. Qe2 Qc8 31. e5 d5 32. Rh8 Qb7 33. Rxf8+ Kxf8 34. Bxg6 d4
35. Bxd4 Qxh1+ 36. Kd2 Bxf6 37. exf6 Rd7 38. Ke3 Qg1+ 39. Kf3 Qh1+ 40. Kg4 Qd5
41. Qh2 e5 42. Qh8+ Qg8 43. Qh6+ Rg7 44. Bxe5 Rb7 45. f7 1-0

[Event "DFEM 2003"]
[Site "Altenkirchen"]
[Date "2003.07.25"]
[Round "1"]
[White "Vollak, Marleen"]
[Black "Klein, Annette"]
[Result "1/2-1/2"]
[WhiteElo "1454"]
[BlackElo "2076"]
[PlyCount "106"]

1. d4 e6 2. c4 Nf6 3. Nc3 Bb4 4. a3 Bxc3+ 5. bxc3 b6 6. Bg5 Bb7 7. Nf3 O-O 8.
e3 h6 9. Bh4 d5 10. Bd3 Nbd7 11. O-O Rc8 12. Ne5 Qe8 13. f4 c5 14. cxd5 exd5
15. Rf3 c4 16. Bc2 a6 17. Rg3 Kh8 18. Rb1 Qe6 19. Rh3 Rb8 20. Bg5 Nxe5 21. fxe5
Ng8 22. Qh5 Bc8 23. Rg3 b5 24. Bf4 Qe7 25. Ra1 Be6 26. Bg5 g6 27. Bxe7 gxh5 28.
Bxf8 Rxf8 29. a4 Rb8 30. Rb1 Ne7 31. Kf1 Nc6 32. Ke1 b4 33. Kd2 b3 34. Bd1 h4
35. Rf3 Kg7 36. Rf6 Ne7 37. h3 a5 38. Kc1 Ng8 39. Rf4 Ne7 40. Kb2 Nf5 41. e4
Ne3 42. Bf3 dxe4 43. Bxe4 Nd5 44. Bxd5 Bxd5 45. Rxh4 Rb6 46. Rf1 Rc6 47. Rf2
Re6 48. Rg4+ Kf8 49. Rgf4 Rg6 50. g4 Rg7 51. Rf6 Rg5 52. R2f5 Be6 53. Rxg5 hxg5
1/2-1/2

[Event "DFEM 2003"]
[Site "Altenkirchen"]
[Date "2003.07.25"]
[Round "1"]
[White "Willrodt, Sonja"]
[Black "Nattermueller, Irina"]
[Result "0-1"]
[WhiteElo "1980"]
[BlackElo "2166"]
[PlyCount "124"]

1. Nf3 c5 2. d3 Nc6 3. c4 a6 4. g3 g6 5. Bg2 Bg7 6. O-O e6 7. e4 Nge7 8. Nc3
O-O 9. Be3 Nd4 10. Rb1 Nec6 11. Ne2 d6 12. Ne1 Nxe2+ 13. Qxe2 Nd4 14. Qd2 Re8
15. Nc2 Rb8 16. Nxd4 cxd4 17. Bh6 Bh8 18. Qc1 Bd7 19. b4 Rc8 20. Qa3 Qe7 21.
Bd2 b5 22. cxb5 Bxb5 23. Rfc1 Qd7 24. Bf3 Bg7 25. Be2 d5 26. f3 Qa7 27. Rxc8
Rxc8 28. Rc1 Rc3 29. Qa5 h5 30. exd5 exd5 31. Qd8+ Kh7 32. Qxd5 Rxc1+ 33. Bxc1
Qe7 34. Kf2 Qxb4 35. Qxf7 Qb1 36. Bg5 Qh1 37. Bf6 Qxh2+ 38. Ke1 Qxg3+ 39. Kf1
Qh3+ 40. Kg1 Qd7 41. Qxd7 Bxd7 42. Bg5 Kg8 43. Bd1 Kf7 44. Bb3+ Be6 45. Kf2 Bf6
46. Bxe6+ Kxe6 47. Bf4 Kf5 48. Bc1 Bg5 49. Bb2 Be3+ 50. Kg2 g5 51. Ba3 Ke5 52.
Be7 Ke6 53. Bb4 Kd5 54. Kg3 Bc1 55. Be7 Bd2 56. Kh3 Ke5 57. Kg3 Be1+ 58. Kg2
Kf4 59. Bf6 Ke3 60. Bxg5+ Kxd3 61. a3 Ke2 62. Bc1 d3 0-1

[Event "DFEM 2003"]
[Site "Altenkirchen"]
[Date "2003.07.25"]
[Round "1"]
[White "Grossmann, Susan"]
[Black "Ulms, Sandra"]
[Result "1/2-1/2"]
[WhiteElo "1763"]
[BlackElo "2155"]
[PlyCount "130"]

1. e4 c5 2. Nc3 Nc6 3. g3 g6 4. Bg2 Bg7 5. d3 e6 6. f4 Nge7 7. Nf3 O-O 8. O-O
d6 9. Be3 b6 10. g4 f5 11. exf5 gxf5 12. g5 d5 13. Bd2 Bd7 14. Qe1 Qc7 15. Qg3
Rae8 16. h4 d4 17. Nb5 Qb8 18. h5 a6 19. Na3 b5 20. Nh4 e5 21. Rae1 Qd6 22. Bf3
Kh8 23. Re2 Nd5 24. Bxd5 Qxd5 25. Rfe1 exf4 26. Bxf4 Rxe2 27. Rxe2 Re8 28.
Rxe8+ Bxe8 29. h6 Bf8 30. g6 hxg6 31. Nxg6+ Bxg6 32. Qxg6 Qg8 33. Qxg8+ Kxg8
34. Kf2 Nd8 35. Nb1 Kh7 36. c3 Ne6 37. Be5 Bxh6 38. cxd4 cxd4 39. b3 Kg6 40.
Na3 Be3+ 41. Ke2 f4 42. Nc2 Kf5 43. Bd6 Kg4 44. Nb4 f3+ 45. Kf1 Bf4 46. Bxf4
Nxf4 47. Nxa6 Nxd3 48. Nc7 Nc5 49. Nxb5 d3 50. Nc3 d2 51. Nd1 Kf4 52. b4 Na4
53. Kf2 Ke4 54. b5 Kf4 55. Kf1 Nb6 56. Kf2 Nc4 57. a4 Ke4 58. b6 Nxb6 59. a5
Nc8 60. a6 Na7 61. Nb2 Nb5 62. Nd1 Kf4 63. Kf1 Kg3 64. Kg1 Na7 65. Kf1 Nb5
1/2-1/2

[Event "DFEM 2003"]
[Site "Altenkirchen"]
[Date "2003.07.26"]
[Round "2"]
[White "Skibbe, Diana"]
[Black "Eckhardt, Claudia"]
[Result "0-1"]
[WhiteElo "2105"]
[BlackElo "2186"]
[PlyCount "68"]

1. e4 c5 2. Nf3 e6 3. d4 cxd4 4. Nxd4 Nc6 5. Be3 Qc7 6. Bd3 a6 7. Qe2 Nf6 8. a3
Be7 9. Nc3 b5 10. g4 h6 11. f4 Nxd4 12. Bxd4 Qxf4 13. Rg1 Bb7 14. Qf2 Qxf2+ 15.
Kxf2 e5 16. Bxe5 Bc5+ 17. Ke2 Bxg1 18. Rxg1 Ke7 19. Ke3 Rae8 20. Kd4 d6 21. Bf4
g5 22. Bd2 Nd7 23. Ne2 Ne5 24. Rg3 Bc8 25. h3 Be6 26. Bb4 Rc8 27. Ke3 h5 28.
Nc3 hxg4 29. hxg4 Kd7 30. a4 Nc6 31. Bxd6 Kxd6 32. axb5 axb5 33. Nxb5+ Ke7 34.
c3 Ne5 0-1

[Event "DFEM 2003"]
[Site "Altenkirchen"]
[Date "2003.07.26"]
[Round "2"]
[White "Ulms, Sandra"]
[Black "Vollak, Marleen"]
[Result "1-0"]
[WhiteElo "2155"]
[BlackElo "1454"]
[PlyCount "79"]

1. d4 Nf6 2. c4 e5 3. dxe5 Ng4 4. Bf4 Bb4+ 5. Nd2 Nc6 6. Ngf3 Qe7 7. e3 Ngxe5
8. Nxe5 Nxe5 9. Be2 O-O 10. O-O Ng6 11. Bg3 Re8 12. Nb3 Qf6 13. a3 Bf8 14. Qd4
Qxd4 15. Nxd4 Ne5 16. Nb5 d6 17. Nxc7 Bf5 18. Nxa8 Rxa8 19. Rfd1 f6 20. Rac1
Rc8 21. h3 Be6 22. b3 a5 23. f4 Nc6 24. Bf3 Rd8 25. Be1 Ra8 26. Bd5 Kf7 27. f5
Bxd5 28. cxd5 Ne7 29. Rc7 b6 30. Bg3 Kg8 31. Bxd6 Nxf5 32. Bxf8 Kxf8 33. d6
Nxe3 34. d7 Rd8 35. Re1 Ke7 36. Rxe3+ Kd6 37. Rec3 Rxd7 38. R3c6+ Ke7 39. Rxd7+
Kxd7 40. Rxb6 1-0

[Event "DFEM 2003"]
[Site "Altenkirchen"]
[Date "2003.07.26"]
[Round "2"]
[White "Fried, Annika"]
[Black "von Herman, Brigitte"]
[Result "0-1"]
[WhiteElo "1686"]
[BlackElo "2054"]
[PlyCount "74"]

1. e4 e5 2. Nf3 Nc6 3. Bc4 Bc5 4. O-O Nf6 5. d3 d6 6. c3 Bb6 7. Bg5 h6 8. Bh4
Bg4 9. Nbd2 O-O 10. h3 Be6 11. Re1 Qe7 12. Bb3 g5 13. Bg3 Nh5 14. Kh2 Nf4 15.
Nc4 Bxc4 16. Bxc4 Kh8 17. d4 Rg8 18. dxe5 dxe5 19. h4 g4 20. Nd2 h5 21. Nf1 Na5
22. Be2 Kh7 23. Qc2 Ng6 24. Ne3 Bxe3 25. fxe3 Nxh4 26. Rf1 Ng6 27. b4 Nc6 28.
Bc4 Raf8 29. Rf5 h4 30. Qf2 Kg7 31. b5 Nd8 32. Bxh4 Nxh4 33. Rh5 Rh8 34. Rxh8
Rxh8 35. Kg1 Ng6 36. Rf1 Qh4 37. Qf5 g3 0-1

[Event "DFEM 2003"]
[Site "Altenkirchen"]
[Date "2003.07.26"]
[Round "2"]
[White "Hund, Isabel"]
[Black "Liebs, Hannelore"]
[Result "1-0"]
[WhiteElo "2091"]
[BlackElo "2109"]
[PlyCount "71"]

1. d4 d5 2. Nf3 c5 3. dxc5 Nc6 4. c4 d4 5. e3 e5 6. exd4 exd4 7. a3 a5 8. Bd3
Bxc5 9. Qe2+ Qe7 10. Bf4 Bg4 11. Nbd2 f5 12. h3 Bxf3 13. Nxf3 Qxe2+ 14. Kxe2
Nge7 15. Rhe1 O-O 16. Ne5 Nxe5 17. Bxe5 Nc6 18. Bf4 h6 19. Kd2 g5 20. Bh2 f4
21. Re6 Rae8 22. Rae1 Re7 23. Rg6+ Kf7 24. Rxh6 Rxe1 25. Kxe1 Ne5 26. Kd2 b6
27. Rh7+ Kg8 28. Rh5 Be7 29. h4 Ng4 30. hxg5 Nxf2 31. Bh7+ Kg7 32. Bb1 Kg8 33.
Bg1 Ng4 34. Bxd4 Bc5 35. Rh8+ Kf7 36. g6+ 1-0

[Event "DFEM 2003"]
[Site "Altenkirchen"]
[Date "2003.07.26"]
[Round "2"]
[White "Meier, Annemarie Sylvia"]
[Black "Fuchs, Antje"]
[Result "1-0"]
[WhiteElo "2267"]
[BlackElo "2103"]
[PlyCount "78"]

1. e4 c5 2. f4 d5 3. exd5 Qxd5 4. Nc3 Qd8 5. Ne4 e6 6. Nf3 Nf6 7. Nf2 Nc6 8. g3
Be7 9. Bg2 O-O 10. O-O Qc7 11. Re1 c4 12. b3 Rd8 13. Bb2 cxb3 14. axb3 Nb4 15.
c3 Nbd5 16. Ne5 Bd7 17. Qf3 Be8 18. Re2 b5 19. g4 a5 20. c4 bxc4 21. bxc4 Nb4
22. g5 Nd7 23. Nxd7 Bxd7 24. Qc3 Bf8 25. Bxa8 Rxa8 26. Ng4 Qxf4 27. Rg2 Bc6 28.
Nh6+ Kh8 29. Rf1 Bc5+ 30. d4 Qe4 31. Nxf7+ Kg8 32. Rff2 Nd3 33. Nh6+ Kh8 34.
Nf7+ Kg8 35. Nh6+ Kh8 36. dxc5 Nxb2 37. Rxb2 Rf8 38. Rbe2 Qb1+ 39. Re1 Qf5 1-0

[Event "DFEM 2003"]
[Site "Altenkirchen"]
[Date "2003.07.26"]
[Round "2"]
[White "Wraga, Teresa"]
[Black "Willrodt, Sonja"]
[Result "1/2-1/2"]
[WhiteElo "1563"]
[BlackElo "1980"]
[PlyCount "95"]

1. e4 e6 2. d3 d5 3. Nd2 c5 4. Ngf3 Nc6 5. g3 Nf6 6. Bg2 d4 7. O-O e5 8. a4 Bd6
9. Nc4 Bc7 10. Qe2 O-O 11. Ne1 Bg4 12. f3 Be6 13. b3 Nd7 14. f4 f6 15. f5 Bxc4
16. bxc4 Ba5 17. Nf3 Bc3 18. Rb1 Nb4 19. Bb2 Na2 20. Ra1 Bxb2 21. Rxa2 Bc3 22.
Rb1 Qc7 23. g4 a6 24. g5 Rfb8 25. gxf6 gxf6 26. Nh4 Nf8 27. Qh5 Bd2 28. Kh1 Qf7
29. Qf3 Bg5 30. Qh3 Qh5 31. Nf3 Qxh3 32. Bxh3 Be3 33. Rb6 Nd7 34. Rd6 Rd8 35.
Rb2 Rab8 36. Bg4 Bh6 37. Bh5 Bf8 38. Rd5 Be7 39. Rb1 Kh8 40. Bf7 b6 41. Rg1 b5
42. axb5 axb5 43. cxb5 Nb6 44. Rxd8+ Rxd8 45. Nd2 Nc8 46. Nc4 Nd6 47. Be6 Nxb5
48. Nb6 1/2-1/2

[Event "DFEM 2003"]
[Site "Altenkirchen"]
[Date "2003.07.26"]
[Round "2"]
[White "Lorenz, Oda"]
[Black "Grossmann, Susan"]
[Result "1/2-1/2"]
[WhiteElo "1962"]
[BlackElo "1763"]
[PlyCount "118"]

1. e4 d6 2. d4 Nf6 3. Nc3 g6 4. Be2 Bg7 5. g4 c5 6. dxc5 Qa5 7. Bd2 Qxc5 8. g5
Nfd7 9. h4 O-O 10. Nh3 a6 11. Nf4 b5 12. h5 Bb7 13. hxg6 hxg6 14. Nfd5 Re8 15.
Be3 Qc8 16. Bd4 Nc6 17. Bxg7 Kxg7 18. Bg4 e6 19. Nf6 Nxf6 20. gxf6+ Kxf6 21.
Rh7 Ne5 22. Qd2 Rh8 23. Qf4+ Ke7 24. Qg5+ Kd7 25. Rxh8 Qxh8 26. O-O-O Kc8 27.
Be2 Nc4 28. Bxc4 bxc4 29. Qf4 Qf8 30. e5 d5 31. Ne4 Kc7 32. Nd6 Rd8 33. Qxf7+
Qxf7 34. Nxf7 Rf8 35. Ng5 Bc8 36. Rf1 Rf5 37. f4 Kc6 38. Kd2 Kc5 39. c3 Rf8 40.
Ke3 Rh8 41. Rf2 Rh1 42. Nf7 a5 43. Nd6 Bd7 44. Rg2 Re1+ 45. Re2 Rg1 46. Kf2 Rg4
47. Kf3 Rg1 48. Rg2 Rf1+ 49. Kg4 a4 50. a3 Rd1 51. Kg5 Rf1 52. Rh2 Rg1+ 53. Kf6
Rf1 54. Ke7 Bc6 55. Kxe6 Rxf4 56. Rg2 d4 57. cxd4+ Kxd4 58. Rxg6 Bd5+ 59. Ke7
Kxe5 1/2-1/2

[Event "DFEM 2003"]
[Site "Altenkirchen"]
[Date "2003.07.26"]
[Round "2"]
[White "Specht, Maria"]
[Black "Thiery, Jennifer"]
[Result "0-1"]
[WhiteElo "2009"]
[BlackElo "1688"]
[PlyCount "92"]

1. d4 d5 2. e3 e6 3. Bd3 Nf6 4. Nd2 c5 5. c3 Nc6 6. Ngf3 Be7 7. O-O O-O 8. Qe2
cxd4 9. exd4 Qc7 10. Ne5 a6 11. f4 b5 12. Ndf3 b4 13. Bd2 bxc3 14. bxc3 Bb7 15.
Nxc6 Qxc6 16. Ne5 Qc7 17. f5 exf5 18. Bxf5 Bd6 19. Nf3 Rae8 20. Qd3 Ne4 21.
Rac1 g6 22. Bh3 Nxd2 23. Nxd2 Bxh2+ 24. Kh1 Bf4 25. Rf3 Re7 26. Rcf1 Bh6 27.
Nb1 Rfe8 28. R3f2 Re1 29. Qf3 Rxf1+ 30. Rxf1 Bc6 31. Qd1 Qg3 32. Qf3 Qc7 33.
Qd1 Qg3 34. Qf3 Qxf3 35. gxf3 Re2 36. a3 Bb5 37. Rd1 Ba4 38. Rg1 Rb2 39. c4
dxc4 40. Nc3 Bb5 41. Nxb5 axb5 42. d5 Rd2 43. Rf1 c3 44. f4 c2 45. Bg4 Bxf4 46.
Bf3 Rf2 0-1

[Event "DFEM 2003"]
[Site "Altenkirchen"]
[Date "2003.07.26"]
[Round "2"]
[White "Storkebaum, Ulrike"]
[Black "Dietzen, Corinna"]
[Result "1-0"]
[WhiteElo "1747"]
[BlackElo "1643"]
[PlyCount "109"]

1. e4 c5 2. Nf3 d6 3. d4 cxd4 4. Nxd4 Nf6 5. Nc3 g6 6. h3 Bg7 7. Be3 Nc6 8. Qd2
Bd7 9. O-O-O Rc8 10. Kb1 Ne5 11. f4 Nc4 12. Bxc4 Rxc4 13. g4 h5 14. g5 Nh7 15.
b3 Rc8 16. Nce2 a5 17. c4 a4 18. Qb4 axb3 19. axb3 Bc6 20. Nxc6 bxc6 21. Kc2
Nf8 22. c5 d5 23. exd5 cxd5 24. Qb5+ Qd7 25. Qxd7+ Nxd7 26. b4 e6 27. Bd4 Bxd4
28. Nxd4 Ra8 29. Ra1 O-O 30. Kc3 Rfe8 31. Nb5 Red8 32. Nd6 e5 33. fxe5 Nxe5 34.
Rhf1 Rxa1 35. Rxa1 Nf3 36. Nxf7 Rf8 37. Nd6 Nxg5 38. Kd4 Rf4+ 39. Kxd5 Rxb4 40.
Ra8+ Kg7 41. c6 Nxh3 42. Ra7+ Kf6 43. Rf7+ Kg5 44. c7 Nf4+ 45. Rxf4 Rxf4 46.
c8=Q h4 47. Ne4+ Kh5 48. Qh8+ Kg4 49. Qg7 Rf5+ 50. Kd4 g5 51. Qd7 Kf4 52. Qd6+
Kg4 53. Qh2 Kf3 54. Qh3+ Kf4 55. Nf2 1-0

[Event "DFEM 2003"]
[Site "Altenkirchen"]
[Date "2003.07.26"]
[Round "2"]
[White "Nattermueller, Irina"]
[Black "Berglitz, Regina"]
[Result "1-0"]
[WhiteElo "2166"]
[BlackElo "2076"]
[PlyCount "119"]

1. e4 d5 2. exd5 Qxd5 3. Nc3 Qa5 4. d4 c6 5. Nf3 Nf6 6. Bc4 Bf5 7. Bd2 e6 8.
Nd5 Qd8 9. Nxf6+ gxf6 10. Qe2 Be7 11. O-O-O Nd7 12. Rhe1 Nb6 13. Bb3 Qd7 14.
Nh4 Bg6 15. Ba5 Qd6 16. g3 Nd5 17. Nxg6 hxg6 18. c4 Nc7 19. Kb1 Rh5 20. Bd2
O-O-O 21. Bf4 Qd7 22. d5 e5 23. Be3 c5 24. d6 Bxd6 25. Bxc5 Qc6 26. Bxd6 Rxd6
27. Rxd6 Qxd6 28. c5 Qe7 29. h4 Rh8 30. f4 Qxc5 31. Bxf7 exf4 32. Bxg6 fxg3 33.
Qg4+ Kb8 34. Qxg3 a6 35. h5 f5 36. Qf4 Ka7 37. Rc1 Ne6 38. Rxc5 Nxf4 39. Rxf5
Nxg6 40. hxg6 Rh1+ 41. Kc2 Rg1 42. Rf6 a5 43. a4 Rg2+ 44. Kc3 Kb8 45. Kd4 Kc7
46. Ke5 Kd7 47. b3 Ke8 48. Rb6 Kf8 49. Kf6 Rf2+ 50. Ke6 Rg2 51. Kd7 Re2 52. Kc8
Re7 53. Rxb7 Re8+ 54. Kc7 Kg7 55. Rb6 Re3 56. Kb7 Re8 57. Ka6 Ra8+ 58. Kb5 Ra7
59. Rb8 Kxg6 60. Kb6 1-0

[Event "DFEM 2003"]
[Site "Altenkirchen"]
[Date "2003.07.26"]
[Round "2"]
[White "Klein, Annette"]
[Black "Vogel, Heike"]
[Result "1/2-1/2"]
[WhiteElo "2076"]
[BlackElo "2162"]
[PlyCount "146"]

1. e4 c6 2. d4 d5 3. exd5 cxd5 4. Bd3 Nc6 5. c3 Nf6 6. Bf4 g6 7. Qc2 Bg7 8. Nd2
O-O 9. Ngf3 Nh5 10. Be3 Qd6 11. Nb3 Bg4 12. Be2 Nf4 13. Bxf4 Qxf4 14. Qd2 Qd6
15. O-O Rac8 16. Rfe1 Bxf3 17. Bxf3 b5 18. a3 a5 19. g3 b4 20. axb4 axb4 21.
Bg2 bxc3 22. bxc3 Nb8 23. Qd3 Rc7 24. Rec1 Rfc8 25. Nd2 e6 26. Bf1 Qb6 27. Rab1
Qd6 28. Bg2 Nd7 29. Ra1 Rc6 30. c4 Qe7 31. c5 Nxc5 32. Qe3 Nd7 33. Rxc6 Rxc6
34. Ra8+ Nf8 35. Bxd5 Rd6 36. Bf3 Bxd4 37. Qe2 Bc3 38. Ne4 Bg7 39. Nxd6 Qxd6
40. Ra7 Qc5 41. Rb7 h5 42. h4 Qd4 43. Qb5 Qc3 44. Kg2 Qe5 45. Qe8 Qf6 46. Rb4
Bh6 47. Ra4 Bd2 48. Be4 Be1 49. Ra2 Qd4 50. Re2 Bd2 51. Bf3 Bh6 52. Qe7 Qd7 53.
Qxd7 Nxd7 54. Rc2 Nf6 55. Rc7 Kg7 56. Bc6 g5 57. hxg5 Bxg5 58. f4 Bh6 59. Kf3
Kg6 60. Be4+ Nxe4 61. Kxe4 Bg7 62. Rc5 Bf6 63. Kf3 Be7 64. Rc6 Kf5 65. Rc8 Kg6
66. g4 hxg4+ 67. Kxg4 Bf6 68. Rc6 Kg7 69. Kf3 Kg6 70. Ke4 Kg7 71. Rc2 Kf8 72.
f5 exf5+ 73. Kxf5 Ba1 1/2-1/2

[Event "DFEM 2003"]
[Site "Altenkirchen"]
[Date "2003.07.27"]
[Round "3"]
[White "Dietzen, Corinna"]
[Black "Fried, Annika"]
[Result "1/2-1/2"]
[WhiteElo "1643"]
[BlackElo "1686"]
[PlyCount "28"]

1. e4 d6 2. d4 g6 3. Nc3 Bg7 4. f4 Nf6 5. Nf3 O-O 6. Be2 Nbd7 7. h3 c5 8. e5
Ne8 9. Be3 cxd4 10. Bxd4 dxe5 11. Bxe5 Nc7 12. Bxg7 Kxg7 13. Qd4+ Nf6 14. O-O-O
Qxd4 1/2-1/2

[Event "DFEM 2003"]
[Site "Altenkirchen"]
[Date "2003.07.27"]
[Round "3"]
[White "Eckhardt, Claudia"]
[Black "Hund, Isabel"]
[Result "1/2-1/2"]
[WhiteElo "2186"]
[BlackElo "2091"]
[PlyCount "34"]

1. d4 d5 2. Nf3 c5 3. g3 cxd4 4. Nxd4 e5 5. Nb3 Nf6 6. Bg2 h6 7. O-O Be7 8.
N1d2 Nc6 9. c3 O-O 10. e4 Bg4 11. f3 Be6 12. Kh1 d4 13. Qe1 dxc3 14. bxc3 Nd7
15. Bb2 Nc5 16. Nxc5 Bxc5 17. Nb3 Be7 1/2-1/2

[Event "DFEM 2003"]
[Site "Altenkirchen"]
[Date "2003.07.27"]
[Round "3"]
[White "Fuchs, Antje"]
[Black "Lorenz, Oda"]
[Result "1-0"]
[WhiteElo "2103"]
[BlackElo "1962"]
[PlyCount "71"]

1. e4 e5 2. Nf3 Nc6 3. Bb5 a6 4. Ba4 Nf6 5. O-O b5 6. Bb3 Be7 7. Re1 O-O 8. d3
d6 9. h3 Na5 10. Nbd2 c5 11. c3 Nxb3 12. Qxb3 Nh5 13. Nf1 Be6 14. Qd1 Nf4 15.
Ng3 g6 16. d4 cxd4 17. cxd4 Bf6 18. Bxf4 exf4 19. Ne2 Bg5 20. Qd2 f5 21. Nxg5
Qxg5 22. Qxf4 Qe7 23. exf5 Rxf5 24. Qe3 Qf7 25. Ng3 Rf6 26. Ne4 Bd5 27. Nxf6+
Qxf6 28. a4 Rc8 29. axb5 axb5 30. Ra7 Rc2 31. Re2 Rc8 32. Qh6 Qxd4 33. Qxh7+
Kf8 34. Qh6+ Kg8 35. Qxg6+ Kf8 36. Qf5+ 1-0

[Event "DFEM 2003"]
[Site "Altenkirchen"]
[Date "2003.07.27"]
[Round "3"]
[White "Berglitz, Regina"]
[Black "Storkebaum, Ulrike"]
[Result "1-0"]
[WhiteElo "2076"]
[BlackElo "1747"]
[PlyCount "73"]

1. e4 e5 2. Nf3 Nc6 3. Bc4 Nf6 4. d3 Bc5 5. c3 d6 6. O-O O-O 7. Nbd2 Bg4 8. h3
Bd7 9. Bb3 a5 10. Nc4 b5 11. Ne3 a4 12. Bc2 Ne7 13. d4 exd4 14. Nxd4 Ng6 15.
Nef5 Re8 16. Re1 Ne5 17. Bg5 h6 18. Bh4 Ng6 19. Bg3 Qc8 20. Kh1 Qb7 21. f3 Rad8
22. Qd2 Ne5 23. Bh4 Bxf5 24. Nxf5 Re6 25. Nd4 Bxd4 26. cxd4 Ng6 27. d5 Ree8 28.
Bxf6 gxf6 29. Qxh6 Qb6 30. Re2 Qd4 31. f4 f5 32. Rae1 fxe4 33. Bxe4 Qg7 34. Qg5
Kf8 35. Bd3 b4 36. Bb5 Ne7 37. Qxg7+ 1-0

[Event "DFEM 2003"]
[Site "Altenkirchen"]
[Date "2003.07.27"]
[Round "3"]
[White "Grossmann, Susan"]
[Black "Skibbe, Diana"]
[Result "1/2-1/2"]
[WhiteElo "1763"]
[BlackElo "2105"]
[PlyCount "77"]

1. e4 e5 2. Nf3 Nc6 3. Bc4 Bc5 4. c3 Nf6 5. d4 exd4 6. cxd4 Bb4+ 7. Bd2 Bxd2+
8. Nbxd2 d5 9. exd5 Nxd5 10. Qb3 Nce7 11. O-O O-O 12. Rfe1 c6 13. Ne4 Qc7 14.
Rac1 Nb6 15. d5 cxd5 16. Bxd5 Qf4 17. Bc4 Nxc4 18. Qxc4 Be6 19. Qc7 Nd5 20.
Qxf4 Nxf4 21. Rc7 Nd3 22. Re2 Bxa2 23. Nc3 Be6 24. Rxb7 Rac8 25. h3 Rb8 26.
Rxb8 Rxb8 27. Nd1 h6 28. Nd4 Bd5 29. g3 Rb4 30. Nc2 Rb8 31. Nce3 Bf3 32. Rc2 a5
33. Kf1 g6 34. Rd2 Rb3 35. Nc4 Bxd1 36. Rxd1 Nxb2 37. Rd8+ Kg7 38. Nxa5 Rc3 39.
Rd2 1/2-1/2

[Event "DFEM 2003"]
[Site "Altenkirchen"]
[Date "2003.07.27"]
[Round "3"]
[White "Liebs, Hannelore"]
[Black "von Herman, Brigitte"]
[Result "0-1"]
[WhiteElo "2109"]
[BlackElo "2054"]
[PlyCount "66"]

1. d4 d5 2. e4 dxe4 3. Nc3 e5 4. Be3 Bb4 5. Qh5 Nd7 6. Qg4 Ngf6 7. Qg5 Bxc3+ 8.
bxc3 exd4 9. Bxd4 O-O 10. Bc4 Qe7 11. Ne2 c5 12. Be3 Ne5 13. Nf4 h6 14. Ng6
hxg5 15. Nxe7+ Kh7 16. Be2 Be6 17. Bxc5 Rfe8 18. Bb5 Bd7 19. Bxd7 Nexd7 20. Ba3
Nb6 21. g4 g6 22. h4 Kg7 23. hxg5 Nxg4 24. Bc5 f6 25. gxf6+ Nxf6 26. Rg1 Kf7
27. O-O-O Na4 28. Ba3 Nxc3 29. Rde1 Nb5 30. Bc5 b6 31. Nxg6 bxc5 32. Nf4 Nd4
33. Rg5 Nf3 0-1